00524nam a22001697a 4500999001900000003000400019082001600023100002000039245005100059260003700110300000900147546001200156650001400168650003500182942001200217952012500229 c196488d196488OSt a370bBAL/NA aBalagurusamy, E aNational education policy 2020:bin a nutshell aCoimbatorebEBG Foundationc2020 a58p. aEnglish aEducation aNational education policy 2020 2ddccBK 00102ddc40708GenaKAUCLVbKAUCLVcGENERALd2022-02-04l4m2o370 BAL/NAp811694r2026-05-16 09:16:52s2026-05-16yBK